|
|
|
|
| LEADER |
00000nab a2200000 a 4500 |
| 001 |
vtls000225702 |
| 003 |
SK-MaSNL |
| 005 |
20260304065624.0 |
| 008 |
250422c1985 xo 0 slo |
| 015 |
|
|
|a SNBRB19rr/mm-uuuuu
|
| 035 |
|
|
|a CL0235816
|
| 035 |
|
|
|a urn:nbn:sk:snk-ab600
|
| 035 |
|
|
|a (urnnbn)urn:nbn:sk:snk:ar-005b70
|
| 035 |
|
|
|a (uuid)e46fcd08-c58b-453b-b18b-147a67ed6dd3
|
| 040 |
|
|
|a SNKBUCL
|b slo
|c SNKBUCL
|e AACR2
|
| 041 |
0 |
|
|a cze
|
| 044 |
|
|
|a xo
|c SK
|
| 080 |
|
|
|a 630 2:582.475.2
|2 1981
|
| 080 |
|
|
|a 582.475.2
|2 1981
|
| 100 |
1 |
|
|a Lokvenc, Theodor
|4 aut
|9 406770
|
| 245 |
1 |
0 |
|a Morfogeneze kořenových systémů obalených smrkových sazenic po výsadbě
|c Theodor Lokvenc
|
| 300 |
|
|
|b Obr. 9. Tb. 5. Res. rus., angl., nem., lit. 24 zázn. v slov., češ., ruš., nem., angl., franc.
|
| 650 |
0 |
7 |
|a smrek obyčajný
|2 snkbucl
|9 20895
|
| 650 |
0 |
7 |
|a koreňový systém
|2 snkbucl
|9 1354857
|
| 650 |
0 |
7 |
|a priesady
|2 snkbucl
|9 1391
|
| 655 |
|
7 |
|a štúdie
|2 snkbucl
|9 57033
|
| 655 |
|
7 |
|a články z novín a časopisov
|2 snkbucl
|9 267496
|
| 773 |
0 |
|
|t Lesnícky časopis
|g Roč. 31, č. 4 (1985), s. 251-265
|
| 850 |
|
|
|a Slovenská národná knižnica
|
| 852 |
|
|
|a Slovenská národná knižnica
|
| 954 |
|
|
|a odborná, vedecká literatúra cudzojazyčná (svetová)
|2 lita
|
| 958 |
|
|
|a article2022
|
| 958 |
|
|
|a OND
|
| 958 |
|
|
|a RK
|
| 958 |
|
|
|a NB
|
| 958 |
|
|
|a EUIPO
|
| 992 |
|
|
|a RBX
|
| 999 |
|
|
|c 2751721
|d 2753651
|